<?xml version="1.0" encoding="UTF-8"?>
<record
    xmlns:xsi="http://www.w3.org/2001/XMLSchema-instance"
    xsi:schemaLocation="http://www.loc.gov/MARC21/slim http://www.loc.gov/standards/marcxml/schema/MARC21slim.xsd"
    xmlns="http://www.loc.gov/MARC21/slim">

  <leader>00782    a2200241   4500</leader>
  <controlfield tag="005">20081010155222.0</controlfield>
  <controlfield tag="008">081010t        xxu||||| |||| 00| 0 ur d</controlfield>
  <datafield tag="010" ind1=" " ind2=" ">
    <subfield code="a">UR-7314</subfield>
  </datafield>
  <datafield tag="020" ind1=" " ind2=" ">
    <subfield code="c">75.00</subfield>
  </datafield>
  <datafield tag="035" ind1=" " ind2=" ">
    <subfield code="a">U-5859</subfield>
  </datafield>
  <datafield tag="037" ind1=" " ind2=" ">
    <subfield code="b">D.B.Act / Pub</subfield>
  </datafield>
  <datafield tag="082" ind1=" " ind2=" ">
    <subfield code="a">841</subfield>
  </datafield>
  <datafield tag="100" ind1=" " ind2=" ">
    <subfield code="a">&#x62F;&#x631;&#x62F; &#x62F;&#x6BE;&#x644;&#x648;&#x6CC;</subfield>
  </datafield>
  <datafield tag="245" ind1=" " ind2=" ">
    <subfield code="a">&#x633;&#x644;&#x6AF;&#x62A;&#x6D2; &#x633;&#x627;&#x6D3;</subfield>
    <subfield code="c">&#x62F;&#x631;&#x62F; &#x62F;&#x6BE;&#x644;&#x648;&#x6CC;</subfield>
  </datafield>
  <datafield tag="246" ind1=" " ind2=" ">
    <subfield code="a">Sulagtey Saye</subfield>
    <subfield code="b">by Dard Delhvi</subfield>
  </datafield>
  <datafield tag="260" ind1=" " ind2=" ">
    <subfield code="a">&#x62F;&#x6BE;&#x644;&#x6CC;</subfield>
    <subfield code="b">&#x62F;&#x631;&#x62F; &#x62F;&#x6BE;&#x644;&#x648;&#x6CC;&#x60C;</subfield>
    <subfield code="c">2005</subfield>
  </datafield>
  <datafield tag="270" ind1=" " ind2=" ">
    <subfield code="a">657,Gali No 26,Jafrabad,</subfield>
    <subfield code="b">&#x62F;&#x6BE;&#x644;&#x6CC;</subfield>
    <subfield code="e">110053</subfield>
  </datafield>
  <datafield tag="300" ind1=" " ind2=" ">
    <subfield code="a">128p</subfield>
    <subfield code="b">22 cm (Pbk.)</subfield>
  </datafield>
  <datafield tag="650" ind1=" " ind2=" ">
    <subfield code="a">&#x646;&#x638;&#x645;&#x64A;&#x6BA;</subfield>
  </datafield>
  <datafield tag="650" ind1=" " ind2=" ">
    <subfield code="a">Poems</subfield>
  </datafield>
  <datafield tag="942" ind1=" " ind2=" ">
    <subfield code="a">dpl</subfield>
    <subfield code="c">UR</subfield>
    <subfield code="k">/</subfield>
    <subfield code="2">ddc</subfield>
    <subfield code="h">841</subfield>
    <subfield code="m">&#x62F;&#x631;&#x62F;</subfield>
  </datafield>
  <datafield tag="999" ind1=" " ind2=" ">
    <subfield code="c">3034</subfield>
    <subfield code="d">3034</subfield>
  </datafield>
  <datafield tag="952" ind1=" " ind2=" ">
    <subfield code="0">0</subfield>
    <subfield code="1">0</subfield>
    <subfield code="2">ddc</subfield>
    <subfield code="4">0</subfield>
    <subfield code="7">1</subfield>
    <subfield code="8">NFIC</subfield>
    <subfield code="a">DBAD</subfield>
    <subfield code="b">DBAD</subfield>
    <subfield code="d">2008-10-10</subfield>
    <subfield code="g">75.00</subfield>
    <subfield code="l">0</subfield>
    <subfield code="o">841 &#x62F;&#x631;&#x62F;</subfield>
    <subfield code="p">U-5859</subfield>
    <subfield code="r">2008-09-15 00:00:00</subfield>
    <subfield code="t">1</subfield>
    <subfield code="u">3228</subfield>
    <subfield code="v">75.00</subfield>
    <subfield code="w">2008-09-15</subfield>
    <subfield code="y">UR</subfield>
  </datafield>
</record>
